Estimation of different ETS models participation efficiency and relationship between ETS systems and environmental taxation
Vplyv environmentálnych daní a participácie na systémoch ETS na znečistenie ovzdušia meraného pomocou objemu vypúšťaných emisií sklenníkových plynov.
Na minha lista:
| Autor principal: | |
|---|---|
| Formato: | Capítulo de Livro |
| Idioma: | inglês |
| Assuntos: | |
| Tags: |
Sem tags, seja o primeiro a adicionar uma tag!
|
MARC
| LEADER | 00000naa a2200000 4500 | ||
|---|---|---|---|
| 001 | 0227806 | ||
| 005 | 20220718122835.0 | ||
| 041 | 0 | |a eng | |
| 044 | |a SK | ||
| 245 | 1 | 0 | |a Estimation of different ETS models participation efficiency and relationship between ETS systems and environmental taxation |c Tomáš Valentiny |
| 520 | |a Vplyv environmentálnych daní a participácie na systémoch ETS na znečistenie ovzdušia meraného pomocou objemu vypúšťaných emisií sklenníkových plynov. | ||
| 610 | 2 | 0 | |a emisie |
| 610 | 2 | 0 | |a dane ekologické |
| 610 | 2 | 0 | |a prostredie životné |
| 610 | 2 | 0 | |a zaťaženie daňové |
| 610 | 2 | 0 | |a modely regresné |
| 100 | 1 | |a Valentiny, Tomáš | |